| Поле | Инд. | ПП | Название | Значение |
|---|---|---|---|---|
| Тип записи | a | |||
| Библиографический уровень | b | |||
| 001 | Контрольный номер | RU/IS/BASE/212504786 | ||
| 005 | Дата корректировки | 20200522191042.3 | ||
| 008 | Кодируемые данные | 20060925 | ||
| 040 | b | Код языка каталог. | rus | |
| e | Правила каталог. | PSBO | ||
| 041 | 0_ | a | Код языка текста | rus |
| 084 | a | Индекс другой классификации/Индекс ББК | 60.542.15-45 | |
| 100 | 1_ | a | Автор | Емчура Т. |
| q | Полное имя | Емчура Тереса | ||
| 245 | 10 | a | Заглавие | Современная молодежь и каналы ее социализации |
| 650 | a | Основная рубрика | социология | |
| a | Основная рубрика | социология групп | ||
| 653 | a | Ключевые слова | молодежь | |
| a | Ключевые слова | социализация | ||
| 773 | 0_ | t | Заглавие источника | Вестник Московского университета. Серия 18, Социология и политология |
| d | Дата издания источника | 2006 | ||
| g | Прочая информация | № 3. - С. 135 - 140 | ||
| w | Контрольный № источника | RU/IS/BASE/211298150 | ||
| 901 | t | Тип документа | b |